00769cam a22002411a 4500001001300000003000400013005001700017008004100034010001700075035002000092040003400112042001200146050001600158100003200174245006600206260003800272300003300310610004800343651004800391610002900439651004200468999001700510f 01003041 DLC20260227111245.0920811s1901 fr 000 0 fre  af 01003041  a(OCoLC)26371693 aDLCcFTaSUdCaSRUdOCoLCdDLC apremarc00aBX1530b.B31 aBaunard,cMgr.,d1826-1919.13aUn siècle de l'église de France, 1800-1900cMgr. Baunard. aParis :bCh. Poussielgue,c30 cm. avii, 514 p. :bill. ;c1901.20aCatholic ChurchxForeign relationszFrance. 0aFrancexForeign relationsxCatholic Church.20aCatholic ChurchzFrance. 0aFrancexChurch historyy19th century. c22983d22983